Experiences in Islamic Banking: (Record no. 346472)
[ view plain ]
| 000 -LEADER | |
|---|---|
| fixed length control field | 00395 a2200133 4500 |
| 020 ## - INTERNATIONAL STANDARD BOOK NUMBER | |
| International Standard Book Number | 4480639 |
| 082 ## - DEWEY DECIMAL CLASSIFICATION NUMBER | |
| Classification number | 332.1 |
| 245 ## - TITLE STATEMENT | |
| Title | Experiences in Islamic Banking: |
| Remainder of title | A Case Study of Islami Bank Bangladesh. |
| 260 ## - PUBLICATION, DISTRIBUTION, ETC. | |
| Place of publication, distribution, etc. | Islamabad, Pakistan |
| Name of publisher, distributor, etc. | Crystal Printers |
| Date of publication, distribution, etc. | 2000 |
| 300 ## - PHYSICAL DESCRIPTION | |
| Extent | 88 |
| 500 ## - GENERAL NOTE | |
| General note | paperback |
| 710 ## - ADDED ENTRY--CORPORATE NAME | |
| Corporate name or jurisdiction name as entry element | Institute of Policy Studies (IPS) |
| 9 (RLIN) | 122209 |
| 942 ## - ADDED ENTRY ELEMENTS (KOHA) | |
| Institution code [OBSOLETE] | NBS |
| Koha item type | Book |
| Call number prefix | 332.1 IPS |
| Source of classification or shelving scheme | |
| Withdrawn status | Lost status | Source of classification or shelving scheme | Damaged status | Not for loan | Permanent Location | Current Location | Shelving location | Date acquired | Total Checkouts | Full call number | Barcode | Date last seen | Date last checked out | Price effective from | Koha item type |
|---|---|---|---|---|---|---|---|---|---|---|---|---|---|---|---|
| Central Library (CL) | Central Library (CL) | General Stacks | 08/28/2013 | 1 | 332.1 EXP | NBS4468 | 11/22/2017 | 07/31/2017 | 08/28/2013 | Book | |||||
| Central Library (CL) | Central Library (CL) | General Stacks | 08/28/2013 | 1 | 332.1 EXP | NBS4470 | 11/22/2017 | 07/31/2017 | 08/28/2013 | Book | |||||
| Central Library (CL) | Central Library (CL) | General Stacks | 08/28/2013 | 1 | 332.1 EXP | NBS4469 | 11/22/2017 | 07/31/2017 | 08/28/2013 | Book | |||||
| Central Library (CL) | Central Library (CL) | General Stacks | 08/28/2013 | 1 | 332.1 EXP | NBS4471 | 11/22/2017 | 07/31/2017 | 08/28/2013 | Book | |||||
| Central Library (CL) | Central Library (CL) | General Stacks | 10/27/2016 | 1 | 332.1 EXP | NBSD-2915 | 11/22/2017 | 08/01/2017 | 10/27/2016 | Book |
